000 00327nam a22001337a 4500
999 _c528982
_d528982
003 NUST
038 _aMSOHAIL
082 _a0
100 _aFederal Highway Administration
_919993
245 _aWildlife considerations in planning
260 _aVirginia
_bUS Dept of Transportation
_c1982
300 _a83,p;
942 _2ddc
_cBK